000 00711cam a22002412 4500
001 0000021301
005 20151217145933.0
008 120312s xx 000 0 eng d
020 _a818501552x :
040 _aKABU
_cKABU
050 0 _aQA303
_b.T46 1984
100 1 _aThomas, George B.
_@0000148454
245 1 0 _aCalculus and analytic geometry /
_cGeorge B. Thomas, Ross L. Finney.
250 _a6th ed.
260 _aDelhi :
_bNarosa,
_c1984.
300 _axxi, 1041 p.
650 0 _aCalculus.
_@0000144959
650 0 _aGeometry, Analytic.
_@0000148455
700 1 _aFinney, Ross L.
_@0000148456
852 1 _9p3070 KES
908 _a120312
950 _@1
999 _c4276
_d4276